[Event "XXVI C.to Italiano a squadre A1"]
[Site "ITA"]
[Date "1994.??.??"]
[Round "4"]
[White "Benvenuti, Carlo"]
[Black "Villa, Flavio"]
[Result "0-1"]
[WhiteElo "2200"]
[BlackElo "2000"]
[PlyCount "105"]
[EventDate "1994.01.30"]

1. Nf3 Nf6 2. b3 g6 3. Bb2 Bg7 4. e3 O-O 5. Be2 c5 6. d3 Nc6 7. Nbd2 d5 8. O-O
b6 9. Re1 Re8 10. Ne5 Qd6 11. Nxc6 Qxc6 12. Nf3 Bb7 13. Qc1 Rad8 14. Bf1 Bh6
15. Qb1 Nd7 16. a4 e5 17. d4 cxd4 18. exd4 e4 19. Bb5 Qc7 20. Ne5 Nxe5 21. dxe5
Bc6 22. Bd4 Bf4 23. Qb2 Rc8 24. Bxc6 Qxc6 25. g3 Bd2 26. Re2 Bh6 27. Rf1 Bf8
28. f3 Bc5 29. fxe4 dxe4 30. Kg2 Qd5 31. Bxc5 Rxc5 32. Rfe1 Qxe5 33. Qc1 f5 34.
Qg5 Qe7 35. Qf4 Qc7 36. Qf2 Rc3 37. Rd1 Rd8 38. Rd4 Rxd4 39. Qxd4 Rxc2 40. Qd5+
Kg7 41. Qd4+ Kh6 42. Qe3+ g5 43. h4 Rxe2+ 44. Qxe2 Qc3 45. Qb5 gxh4 46. gxh4
Qf3+ 47. Kh2 e3 48. Qe5 Qe2+ 49. Kh1 Qf3+ 50. Kh2 Kh5 51. Qe7 Qf4+ 52. Kg2 Qg4+
53. Kf1 0-1

[Event "XXVI C.to Italiano a squadre A1"]
[Site "ITA"]
[Date "1994.??.??"]
[Round "4"]
[White "Castelfranchi, Carlo"]
[Black "Rago, Riccardo"]
[WhiteElo "2215"]
[BlackElo "1815"]
[Result "0-1"]
[PlyCount "64"]
[EventDate "1994.01.30"]

1. e4 c5 2. Nf3 Nc6 3. d4 cxd4 4. Nxd4 Nf6 5. Nc3 e5 6. Ndb5 d6 7. Bg5 a6 8.
Bxf6 gxf6 9. Na3 b5 10. Nd5 f5 11. Bd3 Be6 12. Qh5 Rg8 13. g3 Nd4 14. c3 fxe4
15. Bxe4 Bg4 16. Qxh7 Rg7 17. Qh6 Nf3+ 18. Kf1 Rg6 19. Qe3 Bh6 20. Nf4 exf4 21.
gxf4 Re6 22. h3 Bh5 23. Bc6+ Kf8 24. Qd3 Nh4 25. Re1 Rxe1+ 26. Kxe1 Qe7+ 27.
Kf1 Rc8 28. Bd5 Re8 29. Qe3 Qf6 30. Be4 Bxf4 31. Qd3 Qe5 32. f3 Bxf3 0-1

[Event "XXVI C.to Italiano a squadre A1"]
[Site "ITA"]
[Date "1994.??.??"]
[Round "4"]
[White "Horvath, Zoltan"]
[Black "Tan, Chengxuan"]
[Result "0-1"]
[WhiteElo "2350"]
[BlackElo "2365"]
[PlyCount "80"]
[EventDate "1994.01.30"]

1. e4 e6 2. d4 d5 3. e5 c5 4. c3 Nc6 5. Nf3 Bd7 6. Be2 cxd4 7. cxd4 Nh6 8. O-O
Nf5 9. Na3 Be7 10. Nc2 Rc8 11. g4 Nh4 12. Nxh4 Bxh4 13. f4 f6 14. Be3 O-O 15.
Bd3 fxe5 16. fxe5 Rxf1+ 17. Qxf1 Bg5 18. Qh3 Bxe3+ 19. Qxe3 Qh4 20. h3 Rf8 21.
Rf1 Rxf1+ 22. Kxf1 a6 23. Kg2 Be8 24. b4 Na7 25. Ne1 Qe7 26. Qd2 Bb5 27. Qc3
Bc4 28. a4 b5 29. axb5 Nxb5 30. Qc2 Nxd4 31. Bxh7+ Kh8 32. Qb1 Qg5 33. Nf3 Nxf3
34. Kxf3 Qxe5 35. Bg6 Qh2 36. Bh5 Qxh3+ 37. Kf4 Qh2+ 38. Kf3 Qe2+ 39. Kg3 Qe3+
40. Kh2 Qf2+ 0-1

[Event "XXVI C.to Italiano a squadre A1"]
[Site "ITA"]
[Date "1994.??.??"]
[Round "4"]
[White "Iotti, Pierluigi"]
[Black "Evangelisti, Claudio R."]
[Result "1-0"]
[WhiteElo "2255"]
[BlackElo "2265"]
[PlyCount "123"]
[EventDate "1994.01.30"]

1. d4 Nf6 2. Nf3 e6 3. c4 Bb4+ 4. Bd2 c5 5. Nc3 O-O 6. e3 Nc6 7. Bd3 cxd4 8.
exd4 d5 9. a3 dxc4 10. Bxc4 Ba5 11. Bg5 Bxc3+ 12. bxc3 Qa5 13. Qd3 Ne4 14. Bd2
Nxd2 15. Nxd2 Rd8 16. Nf3 Qh5 17. Rb1 a6 18. Qe3 b5 19. Be2 Bb7 20. O-O Ne7 21.
Ne5 Qh4 22. Bf3 Bxf3 23. Qxf3 Qf6 24. Qg3 Rac8 25. Rfd1 Nd5 26. Rd3 Nf4 27. Rd2
h5 28. h4 Qf5 29. Rb3 f6 30. Nd3 Nxd3 31. Rxd3 Rd7 32. Rb2 Kf7 33. Kh2 Rc4 34.
Re2 Qd5 35. Rf3 Qd6 36. Re5 Ra4 37. Kh3 Rxa3 38. Qg5 Qe7 39. Qxh5+ Kg8 40. Re4
Qf7 41. Qc5 Qe7 42. Qc8+ Kf7 43. Qh8 Rd8 44. Qh7 b4 45. Rg3 Rxc3 46. Qxg7+ Ke8
47. Qg6+ Kd7 48. Rxc3 bxc3 49. d5 e5 50. Rc4 Kd6 51. Rxc3 e4 52. Rc6+ Kxd5 53.
Rxf6 Rd6 54. Rf5+ Kc4 55. Qg4 Qe6 56. g3 Kc3 57. h5 Qc4 58. Kh4 Rd4 59. Rf4 Qf1
60. Qc8+ Kd2 61. h6 Qh1+ 62. Qh3 1-0

[Event "XXVI C.to Italiano a squadre A1"]
[Site "ITA"]
[Date "1994.??.??"]
[Round "4"]
[White "Ruggieri, Oliviero"]
[Black "Verrascina, Roberto"]
[Result "0-1"]
[WhiteElo "1842"]
[BlackElo "2240"]
[PlyCount "70"]
[EventDate "1994.01.30"]

1. d4 g6 2. Bg5 Nf6 3. Bxf6 exf6 4. e3 Bg7 5. Bd3 f5 6. Ne2 d5 7. Nf4 c6 8. Nd2
Nd7 9. c4 Nf6 10. Qb3 dxc4 11. Bxc4 O-O 12. O-O Qe7 13. Rfd1 g5 14. Ne2 Ne4 15.
Qc2 Re8 16. Nxe4 fxe4 17. Ng3 h5 18. Nxh5 Bg4 19. Be2 Bxh5 20. Bxh5 Rad8 21.
Rac1 f5 22. Qb3+ Rd5 23. Rc5 Red8 24. Rdc1 Kh7 25. Be2 g4 26. Rxd5 Rxd5 27. Bc4
Rd6 28. g3 Rh6 29. Bg8+ Kh8 30. Rc5 f4 31. exf4 Bxd4 32. Rg5 e3 33. fxe3 Bxe3+
34. Kf1 Qe4 35. Rxg4 Qf3+ 0-1

[Event "XXVI C.to Italiano a squadre A1"]
[Site "ITA"]
[Date "1994.??.??"]
[Round "4"]
[White "Tassi, Oliviero"]
[Black "Gaggiottini, Manfredo"]
[Result "1-0"]
[WhiteElo "2320"]
[BlackElo "2078"]
[PlyCount "49"]
[EventDate "1994.01.30"]

1. c4 Nf6 2. Nc3 c5 3. g3 d6 4. Bg2 g6 5. a3 Nc6 6. Rb1 Bg7 7. b4 cxb4 8. axb4
O-O 9. b5 Ne5 10. d3 Bg4 11. h3 Qa5 12. Qb3 Be6 13. Bd2 Nfd7 14. Nd5 Qd8 15. d4
Nxc4 16. Qxc4 Nb6 17. Qb3 Rc8 18. e3 Rc4 19. Ba5 Nxd5 20. Bxd8 Nf4 21. gxf4
Rc1+ 22. Rxc1 Bxb3 23. Bxe7 Re8 24. Bxd6 Bxd4 25. Ne2 1-0

[Event "XXVI C.to Italiano a squadre A1"]
[Site "ITA"]
[Date "1994.??.??"]
[Round "4"]
[White "Tirabassi, Maurizio"]
[Black "Albano, Marco"]
[Result "1-0"]
[WhiteElo "2340"]
[BlackElo "2230"]
[PlyCount "95"]
[EventDate "1994.01.30"]

1. c4 Nf6 2. Nf3 e6 3. g3 d5 4. Bg2 Be7 5. O-O O-O 6. b3 c5 7. cxd5 Nxd5 8. Bb2
Nc6 9. d3 Bf6 10. Qc1 Nd4 11. Re1 Bd7 12. Nbd2 Rc8 13. Ne4 Be7 14. Qd2 f5 15.
Nc3 Nxc3 16. Bxc3 Bc6 17. Rac1 Nxf3+ 18. exf3 Bd5 19. f4 Bf6 20. Bxf6 Rxf6 21.
Re5 Bxg2 22. Kxg2 b6 23. Qe3 Rc6 24. b4 Rd6 25. bxc5 Rxd3 26. Qe2 bxc5 27.
Rexc5 Qd7 28. Kg1 Rd2 29. Qc4 Rf8 30. Rc7 Qd6 31. Rxa7 Rd8 32. Qc7 Qd4 33. Rf1
Rd7 34. Qxd7 Qxd7 35. Rxd7 Rxd7 36. Ra1 Kf7 37. a4 Ra7 38. a5 Ke7 39. Kf1 Kd7
40. Ke2 Kc6 41. Kd3 h6 42. a6 Kc5 43. Kc3 Kc6 44. Kd4 Kd6 45. h4 g5 46. hxg5
hxg5 47. fxg5 e5+ 48. Kc4 1-0

[Event "XXVI C.to Italiano a squadre A1"]
[Site "ITA"]
[Date "1994.??.??"]
[Round "4"]
[White "Wagman, Stuart"]
[Black "Vezzosi, Paolo"]
[Result "1/2-1/2"]
[WhiteElo "2210"]
[BlackElo "2300"]
[PlyCount "102"]
[EventDate "1994.01.30"]

1. e4 e6 2. d4 d5 3. Nc3 Nf6 4. e5 Nfd7 5. f4 c5 6. Nf3 Nc6 7. Be3 a6 8. Qd2 b5
9. dxc5 Bxc5 10. Bxc5 Nxc5 11. Qf2 Qb6 12. Bd3 f6 13. O-O O-O 14. Kh1 d4 15.
Be4 dxc3 16. b4 Bb7 17. bxc5 Qc7 18. Nd4 Nxd4 19. Bxb7 Rad8 20. Be4 fxe5 21.
Qh4 Nf5 22. Bxf5 exf5 23. Qg3 e4 24. Qxc3 Rc8 25. Qb3+ Kh8 26. c4 Qxc5 27. cxb5
Qxb5 28. Qxb5 axb5 29. Rab1 Rc5 30. Rb2 Rd8 31. Kg1 h6 32. Rfb1 e3 33. Kf1 Rd2
34. Rxd2 exd2 35. Rd1 Rc2 36. a3 Ra2 37. Ke2 Rxa3 38. Rxd2 Rb3 39. Rd5 Rb2+ 40.
Kf3 g6 41. Rd7 b4 42. h3 b3 43. Rb7 h5 44. Kg3 Kg8 45. Kh4 Kf8 46. g3 Rb1 47.
Kg5 b2 48. Kxg6 Rg1 49. Rxb2 Rxg3+ 50. Kxh5 Rxh3+ 51. Kg5 Rc3 1/2-1/2

[Event "XXVI C.to Italiano a squadre A1"]
[Site "ITA"]
[Date "1994.??.??"]
[Round "5"]
[White "Anceschi, Vittorio"]
[Black "Manca, Federico"]
[Result "1/2-1/2"]
[WhiteElo "2285"]
[BlackElo "2370"]
[PlyCount "94"]
[EventDate "1994.01.30"]

1. e4 d6 2. d4 Nf6 3. Nc3 g6 4. Nf3 Bg7 5. Be2 O-O 6. O-O c6 7. h3 Qc7 8. a4
Nbd7 9. Be3 b6 10. Qd2 Bb7 11. Bh6 a6 12. Bxg7 Kxg7 13. Rfe1 Rad8 14. Qg5 e5
15. dxe5 dxe5 16. Nh4 Ng8 17. Rad1 Nc5 18. Bc4 f6 19. Qe3 a5 20. Nf3 Ne7 21. h4
h6 22. b3 Bc8 23. Ne2 Rxd1 24. Rxd1 Rd8 25. Rxd8 Qxd8 26. Nd2 Bg4 27. f3 Be6
28. Bxe6 Nxe6 29. Qd3 Qc7 30. Nc4 b5 31. Nd6 Qb6+ 32. Kf1 Nc5 33. Qd2 bxa4 34.
bxa4 Qb1+ 35. Kf2 Qb6 36. Kf1 Qb1+ 37. Kf2 Qb6 38. Kg3 g5 39. hxg5 hxg5 40. Nc4
Qc7 41. Qxa5 Qxa5 42. Nxa5 Nxa4 43. Nc4 Kf7 44. Kf2 Ke6 45. Ng3 Nc5 46. Ke3 Nb7
47. Nh5 Nc5 1/2-1/2

[Event "XXVI C.to Italiano a squadre A1"]
[Site "ITA"]
[Date "1994.??.??"]
[Round "5"]
[White "Beggi, Pierluigi"]
[Black "Tassi, Oliviero"]
[Result "1/2-1/2"]
[WhiteElo "2220"]
[BlackElo "2320"]
[PlyCount "58"]
[EventDate "1994.01.30"]

1. d4 Nf6 2. c4 c5 3. dxc5 e6 4. Nf3 Bxc5 5. e3 O-O 6. Be2 b6 7. O-O Bb7 8. b3
d5 9. cxd5 Nxd5 10. a3 a5 11. Bb2 Qe7 12. Bd4 Nd7 13. Bb5 N7f6 14. Qe2 Ne4 15.
Qb2 f5 16. Nbd2 Nxd2 17. Nxd2 f4 18. e4 Nf6 19. Rfe1 Kh8 20. Bc4 Bxd4 21. Qxd4
Rad8 22. Qb2 e5 23. Nf3 b5 24. Bxb5 Bxe4 25. Qe2 Qb7 26. Bc4 Bc6 27. Rad1 Rxd1
28. Rxd1 e4 29. Ne5 g5 1/2-1/2

[Event "XXVI C.to Italiano a squadre A1"]
[Site "ITA"]
[Date "1994.??.??"]
[Round "5"]
[White "Belotti, Bruno"]
[Black "Tirabassi, Maurizio"]
[Result "1/2-1/2"]
[WhiteElo "2420"]
[BlackElo "2340"]
[PlyCount "87"]
[EventDate "1994.01.30"]

1. e4 c5 2. Nf3 e6 3. d4 cxd4 4. Nxd4 Nf6 5. Nc3 d6 6. Be3 Be7 7. f3 O-O 8. Qd2
Nc6 9. g4 d5 10. g5 Nxd4 11. Bxd4 Nd7 12. Rg1 e5 13. Bf2 d4 14. Nd5 Nb6 15.
Nxe7+ Qxe7 16. Bd3 Be6 17. f4 exf4 18. Bxd4 Rad8 19. Qf2 Qc7 20. b3 Nd7 21.
O-O-O Ne5 22. Be2 Nc6 23. Bc3 Rc8 24. Rd2 a6 25. h4 b5 26. Kb1 b4 27. Bb2 a5
28. Bb5 Na7 29. Qd4 f6 30. gxf6 Nxb5 31. Rxg7+ Qxg7 32. fxg7 Nxd4 33. gxf8=Q+
Rxf8 34. Rg2+ Kf7 35. Bxd4 f3 36. Rf2 Bg4 37. Kc1 Re8 38. Bb6 Ra8 39. Kb2 Ke6
40. a3 bxa3+ 41. Kxa3 Ke5 42. Rd2 Kxe4 43. Ka4 Bh5 44. c4 1/2-1/2

[Event "XXVI C.to Italiano a squadre A1"]
[Site "ITA"]
[Date "1994.??.??"]
[Round "5"]
[White "Cangiotti, Claudio"]
[Black "Rago, Riccardo"]
[Result "1-0"]
[WhiteElo "2215"]
[BlackElo "1815"]
[PlyCount "79"]
[EventDate "1994.01.30"]

1. Nf3 Nf6 2. g3 g6 3. b4 Bg7 4. Bb2 d6 5. Bg2 e5 6. d3 O-O 7. O-O Nc6 8. b5
Ne7 9. c4 a6 10. a4 axb5 11. axb5 Rxa1 12. Bxa1 Nd7 13. Nbd2 f5 14. Qc2 c5 15.
bxc6 Nxc6 16. Nb3 Qe7 17. Nfd2 Nf6 18. Bb2 Be6 19. Ra1 Rc8 20. Na5 Qc7 21. Nxc6
bxc6 22. Qa4 Bh6 23. e3 Bxe3 24. Nf3 Bxf2+ 25. Kxf2 Qb6+ 26. Bd4 exd4 27. h3
Qb2+ 28. Kg1 h6 29. Re1 Bd7 30. Qa7 c5 31. Re7 Qc1+ 32. Kh2 Rd8 33. Qc7 Rc8 34.
Qxd6 Rc6 35. Qb8+ Rc8 36. Qe5 Rf8 37. Nh4 Rf7 38. Nxg6 Qg5 39. Rxf7 Kxf7 40.
Nf4 1-0

[Event "XXVI C.to Italiano a squadre A1"]
[Site "ITA"]
[Date "1994.??.??"]
[Round "5"]
[White "Evangelisti, Claudio R."]
[Black "Verrascina, Roberto"]
[Result "1-0"]
[WhiteElo "2265"]
[BlackElo "2240"]
[PlyCount "121"]
[EventDate "1994.01.30"]

1. d4 g6 2. Nf3 Bg7 3. Nc3 d6 4. e4 Bg4 5. Be2 Nc6 6. Be3 Bxf3 7. Bxf3 e5 8.
dxe5 dxe5 9. Be2 Nd4 10. Nb5 c6 11. Na3 Qh4 12. O-O Rd8 13. Bd3 Nf6 14. f3 O-O
15. Qe1 Qxe1 16. Rfxe1 Nh5 17. Bf1 Rfe8 18. c3 Ne6 19. Nc4 b6 20. Red1 f6 21.
Nd6 Re7 22. Bc4 Kf8 23. Nb7 Rxb7 24. Bxe6 Rxd1+ 25. Rxd1 Ke7 26. Bg8 h6 27. g3
Bf8 28. Bb3 g5 29. Kf2 Ng7 30. Ba4 Rd7 31. Rh1 b5 32. Bc2 Ne6 33. Rd1 a6 34. a4
Rxd1 35. Bxd1 Kd7 36. axb5 axb5 37. Bb3 Nc5 38. Bc2 Na4 39. Bxa4 bxa4 40. Ke2
a3 41. bxa3 Bxa3 42. g4 Kd6 43. Kd3 Bc5 44. Bc1 Bg1 45. h3 c5 46. Kc4 Kc6 47.
Bd2 Bf2 48. Kb3 Kb5 49. c4+ Kc6 50. Ba5 Kd7 51. Ka4 Kc6 52. Bd8 Bg3 53. Ka5 Bf2
54. Bxf6 Bg3 55. Bg7 Bf4 56. Bxh6 Bc1 57. Bg7 Bf4 58. Bf6 Kd6 59. Kb5 Be3 60.
Bg7 Ke7 61. Bxe5 1-0

[Event "XXVI C.to Italiano a squadre A1"]
[Site "ITA"]
[Date "1994.??.??"]
[Round "5"]
[White "Kovacevic, Vlatko"]
[Black "Ortega, Lexy"]
[WhiteElo "2485"]
[BlackElo "2440"]
[Result "1-0"]
[PlyCount "69"]
[EventDate "1994.01.30"]

1. d4 d5 2. Nf3 Nc6 3. g3 Bg4 4. Bg2 Qd7 5. h3 Bf5 6. c3 h6 7. Nbd2 Nf6 8. Ne5
Nxe5 9. dxe5 Ne4 10. Nxe4 Bxe4 11. Bxe4 dxe4 12. Qxd7+ Kxd7 13. Be3 Ke6 14.
O-O-O f5 15. f3 exf3 16. exf3 g6 17. h4 Bg7 18. f4 Rad8 19. c4 a6 20. a4 g5 21.
h5 Rhg8 22. Kc2 gxf4 23. Rxd8 Rxd8 24. gxf4 Kf7 25. a5 e6 26. Bc5 Rd7 27. Rg1
Rd8 28. Rg3 Bf8 29. Bxf8 Kxf8 30. Kc3 Rd1 31. Rg6 Rf1 32. Rxe6 Rxf4 33. Rxh6 c5
34. Rb6 Rf3+ 35. Kd2 1-0

[Event "XXVI C.to Italiano a squadre A1"]
[Site "ITA"]
[Date "1994.??.??"]
[Round "5"]
[White "Marinelli, Tullio"]
[Black "Iannaccone, Ernesto"]
[Result "1-0"]
[WhiteElo "2370"]
[BlackElo "2375"]
[PlyCount "145"]
[EventDate "1994.01.30"]

1. d4 Nf6 2. c4 e6 3. Nc3 Bb4 4. Qc2 d6 5. e3 O-O 6. Bd3 Nbd7 7. Nge2 c5 8. O-O
b6 9. b3 Bb7 10. Rd1 cxd4 11. exd4 Bxc3 12. Nxc3 a6 13. Ba3 Qc7 14. Rac1 Rfe8
15. Qd2 Rac8 16. Bb1 h6 17. Qd3 Nf8 18. d5 e5 19. Ne4 Nxe4 20. Qxe4 Rcd8 21.
Rc3 Bc8 22. b4 f5 23. Qc2 Ng6 24. c5 Nf4 25. c6 Rf8 26. Bc1 Rde8 27. a4 g5 28.
b5 axb5 29. axb5 Rf6 30. Be3 Ng6 31. f3 f4 32. Bf2 g4 33. Kh1 e4 34. fxe4 Ne5
35. Bd4 Qf7 36. Kg1 Qh5 37. Bxe5 Rxe5 38. g3 fxg3 39. Rxg3 Qg5 40. Qc1 Rf4 41.
Rf1 Rxf1+ 42. Qxf1 h5 43. Rg2 Qe3+ 44. Rf2 h4 45. Kh1 Re8 46. Qe2 Qg5 47. Qd2
Qh5 48. Kg1 Rf8 49. Rxf8+ Kxf8 50. Qf2+ Ke8 51. Bd3 Qe5 52. Qxb6 g3 53. Qe3
Qa1+ 54. Kg2 Qb2+ 55. Qe2 h3+ 56. Kxg3 Qe5+ 57. Kf3 Qg5 58. Kf2 Qg2+ 59. Ke1
Qg1+ 60. Kd2 Bg4 61. Qe3 Qxh2+ 62. Kc3 Qe5+ 63. Kc4 h2 64. Qh6 Bf3 65. Qg6+ Kd8
66. c7+ Kxc7 67. Qf7+ Kb6 68. Qxf3 Qh8 69. Qf2+ Kb7 70. Qf7+ Kb6 71. Qd7 h1=Q
72. Qc6+ Ka7 73. b6+ 1-0

[Event "XXVI C.to Italiano a squadre A1"]
[Site "ITA"]
[Date "1994.??.??"]
[Round "5"]
[White "Rossi, Carlo"]
[Black "Iotti, Pierluigi"]
[Result "1-0"]
[WhiteElo "2345"]
[BlackElo "2255"]
[PlyCount "81"]
[EventDate "1994.01.30"]

1. e4 e6 2. Nf3 d5 3. e5 c5 4. b4 b6 5. a3 Ne7 6. d4 Qc7 7. Bd3 cxd4 8. O-O
Nec6 9. Re1 Nd7 10. Qe2 Be7 11. Nbd2 O-O 12. Bb2 a6 13. Nb3 b5 14. Nbxd4 Nxd4
15. Bxd4 Nb6 16. c3 Bd7 17. h4 Nc4 18. Nh2 f5 19. exf6 Bxf6 20. Qh5 h6 21. Qg6
e5 22. Qh7+ Kf7 23. Bxe5 Nd6 24. Qg6+ Kg8 25. Qh7+ Kf7 26. Bg6+ Ke7 27. Bh5 Kd8
28. Qd3 Qc6 29. Rad1 Be6 30. Bg4 Bg8 31. Qg6 Kc7 32. Nf3 Rfe8 33. Bf4 Rad8 34.
Ne5 Bxe5 35. Bxe5 Kb8 36. Bxd6+ Rxd6 37. Qxe8+ Qxe8 38. Rxe8+ Kb7 39. Rxg8 Rc6
40. Rxg7+ Kb6 41. Bf3 1-0

[Event "XXVI C.to Italiano a squadre A1"]
[Site "ITA"]
[Date "1994.??.??"]
[Round "5"]
[White "Ruggieri, Oliviero"]
[Black "Grassi, Mario"]
[WhiteElo "1842"]
[BlackElo "2181"]
[Result "0-1"]
[PlyCount "62"]
[EventDate "1994.01.30"]

1. d4 d5 2. Bg5 Nd7 3. Nf3 Ngf6 4. e3 e6 5. Bd3 c5 6. c3 Qb6 7. b3 c4 8. bxc4
Qb2 9. Qc2 Qxc2 10. Bxc2 dxc4 11. Nbd2 b5 12. e4 Ba6 13. Rb1 Nb6 14. Bf4 Rc8
15. O-O b4 16. Rfe1 bxc3 17. Nf1 Ba3 18. d5 O-O 19. dxe6 fxe6 20. Be5 Bb2 21.
Ne3 Rfd8 22. Nd1 Rd2 23. Bxf6 Rxc2 24. Bg5 Na4 25. Ne3 Rd2 26. Nf1 h6 27. Bxd2
cxd2 28. N1xd2 c3 29. Rxb2 cxb2 30. g3 Rc1 31. Nb1 Be2 0-1

[Event "XXVI C.to Italiano a squadre A1"]
[Site "ITA"]
[Date "1994.??.??"]
[Round "5"]
[White "Sibilio, Mario"]
[Black "Bellia, Fabrizio"]
[Result "0-1"]
[WhiteElo "2320"]
[BlackElo "2280"]
[PlyCount "106"]
[EventDate "1994.01.30"]

1. d4 Nf6 2. Nc3 d5 3. Bg5 c6 4. Bxf6 exf6 5. e3 Qb6 6. a3 Bf5 7. Na4 Qa5+ 8.
Nc3 Bd6 9. Bd3 Bg6 10. Nf3 Nd7 11. O-O O-O 12. Nh4 Qc7 13. g3 Rfe8 14. Kg2 Bxd3
15. Qxd3 g6 16. f3 f5 17. e4 fxe4 18. fxe4 dxe4 19. Nxe4 Re7 20. Rae1 Rae8 21.
Nf3 f5 22. Qb3+ Kg7 23. Neg5 Nf8 24. Qc3 Rxe1 25. Rxe1 Rxe1 26. Nxe1 Qe7 27.
Ngf3 Kg8 28. Qc4+ Qe6 29. Qxe6+ Nxe6 30. Nd3 Kf7 31. Nfe5+ Ke7 32. c3 Ng5 33.
Kf2 Ne4+ 34. Ke3 Nf6 35. Nf3 Nd5+ 36. Ke2 h6 37. c4 Nf6 38. Nde5 g5 39. Nd3 Nd7
40. Nf2 c5 41. dxc5 Nxc5 42. b4 Ne6 43. g4 Kf6 44. h3 Nf4+ 45. Ke3 Nxh3 46.
Nxh3 fxg4 47. c5 Bf4+ 48. Nxf4 gxf4+ 49. Kxf4 gxf3 50. Kxf3 Ke5 51. Kg4 Kd5 52.
Kh5 Kc4 53. Kxh6 a6 0-1

[Event "XXVI C.to Italiano a squadre A1"]
[Site "ITA"]
[Date "1994.??.??"]
[Round "5"]
[White "Tatai, Stefano"]
[Black "Gaggiottini, Manfredo"]
[Result "1-0"]
[WhiteElo "2445"]
[BlackElo "2078"]
[PlyCount "93"]
[EventDate "1994.01.30"]

1. e4 c5 2. Nf3 d6 3. d4 cxd4 4. Nxd4 Nf6 5. Nc3 a6 6. Bg5 Nfd7 7. Qd2 h6 8.
Be3 Nc6 9. Be2 Nde5 10. Nd5 Bg4 11. Nxc6 bxc6 12. Bb6 Qb8 13. Nc7+ Kd7 14. Nxa8
Bxe2 15. Qxe2 Qxa8 16. f4 Ng6 17. f5 Nf4 18. Qg4 e5 19. Be3 c5 20. O-O Be7 21.
f6+ Ne6 22. fxe7 Kxe7 23. c3 h5 24. Qf3 f6 25. b4 c4 26. a4 h4 27. b5 a5 28.
Rad1 Qe8 29. Rd2 Qg6 30. Qf5 Qxf5 31. exf5 Nd8 32. Bb6 Nb7 33. Bc7 Kd7 34. Bxd6
Kc8 35. Ba3 Rh5 36. Re2 h3 37. g3 Rg5 38. Re4 g6 39. Rxc4+ Kb8 40. fxg6 f5 41.
Be7 Rxg6 42. Rxf5 Re6 43. Rf8+ Ka7 44. Rc7 Kb6 45. Rd7 e4 46. Rb8 Rxe7 47.
Rbxb7+ 1-0

[Event "XXVI C.to Italiano a squadre A1"]
[Site "ITA"]
[Date "1994.??.??"]
[Round "5"]
[White "Vallifuoco, Giacomo"]
[Black "D'Amore, Carlo"]
[WhiteElo "2395"]
[BlackElo "2420"]
[Result "0-1"]
[PlyCount "62"]
[EventDate "1994.01.30"]

1. d4 Nf6 2. c4 c5 3. d5 d6 4. Nc3 g6 5. e4 Bg7 6. f3 O-O 7. Bg5 a6 8. a4 h6 9.
Be3 e6 10. Qd2 exd5 11. cxd5 Re8 12. Nge2 h5 13. Nf4 Nbd7 14. Be2 Ne5 15. b3
Neg4 16. Bg1 Nxe4 17. fxe4 Nf6 18. Rc1 Nxe4 19. Nxe4 Rxe4 20. Bf2 Be5 21. Be3
Qh4+ 22. g3 Qe7 23. Rf1 Bxf4 24. Bxf4 Bg4 25. Rf2 Re8 26. Rc2 Rd4 27. Qc1 Qe4
28. Bxd6 Bh3 29. Qf4 Qh1+ 30. Rf1 Bxf1 31. Qxf1 Qxd5 0-1

[Event "XXVI C.to Italiano a squadre A1"]
[Site "ITA"]
[Date "1994.??.??"]
[Round "5"]
[White "Vezzosi, Paolo"]
[Black "Godena, Michele"]
[WhiteElo "2300"]
[BlackElo "2480"]
[Result "0-1"]
[PlyCount "72"]
[EventDate "1994.01.30"]

1. d4 e6 2. e4 d5 3. e5 c5 4. c3 Qb6 5. Nf3 Bd7 6. Bd3 cxd4 7. cxd4 Nc6 8. Nc3
Nxd4 9. Nxd4 Qxd4 10. O-O Qxe5 11. Re1 Qb8 12. Nxd5 Bd6 13. Qg4 Kf8 14. Bd2 h5
15. Qh3 Nf6 16. Ne3 Kg8 17. Nc4 Bc7 18. Qh4 Ng4 19. h3 b5 20. hxg4 bxc4 21.
Bxc4 Qxb2 22. Be3 hxg4 23. Qxg4 Bh2+ 24. Kf1 Bf4 25. Kg1 Bh2+ 26. Kf1 Bf4 27.
Kg1 Bxe3 28. fxe3 Rc8 29. Bb3 Rh6 30. Rad1 Bc6 31. Re2 Qe5 32. Qf4 Qh5 33. g4
Qh1+ 34. Kf2 Rh2+ 35. Kg3 Rh3+ 36. Kf2 Rf3+ 0-1

[Event "XXVI C.to Italiano a squadre A1"]
[Site "ITA"]
[Date "1994.??.??"]
[Round "6"]
[White "Anceschi, Vittorio"]
[Black "Marinelli, Tullio"]
[Result "1/2-1/2"]
[WhiteElo "2285"]
[BlackElo "2370"]
[PlyCount "62"]
[EventDate "1994.01.30"]

1. e4 c5 2. Nc3 d6 3. g3 Nc6 4. Bg2 g6 5. d3 Bg7 6. Be3 Nf6 7. h3 O-O 8. Qd2
Nd4 9. Nd1 e5 10. c3 Ne6 11. Bh6 Rb8 12. Bxg7 Kxg7 13. Ne3 b5 14. Ne2 Bb7 15.
Nd5 Bxd5 16. exd5 Nc7 17. c4 Nd7 18. O-O f5 19. b3 Qf6 20. f4 bxc4 21. dxc4
Rfe8 22. Qa5 Rb7 23. Qa4 Qd8 24. fxe5 Nxe5 25. Nf4 Qd7 26. Qa5 Rbb8 27. Qxa7
Kh8 28. Ne6 Rec8 29. Rfe1 Ra8 30. Qb7 Rab8 31. Qa7 Ra8 1/2-1/2

[Event "XXVI C.to Italiano a squadre A1"]
[Site "ITA"]
[Date "1994.??.??"]
[Round "6"]
[White "Beggi, Pierluigi"]
[Black "Grassi, Mario"]
[Result "1/2-1/2"]
[WhiteElo "2220"]
[BlackElo "2181"]
[PlyCount "80"]
[EventDate "1994.01.30"]

1. d4 Nf6 2. c4 c5 3. e3 g6 4. Nf3 Bg7 5. Nc3 O-O 6. Be2 d6 7. O-O b6 8. a3 Nc6
9. d5 Na5 10. Rb1 Bf5 11. Bd3 Bxd3 12. Qxd3 Nb3 13. Ne2 Nxc1 14. Rfxc1 Qd7 15.
b4 Rfc8 16. b5 a6 17. e4 Ne8 18. Rb3 axb5 19. Rxb5 Ra6 20. Rcb1 Qa7 21. R5b3
Ra8 22. h3 Rxa3 23. Rxa3 Qxa3 24. Qxa3 Rxa3 25. Rxb6 Ra1+ 26. Kh2 Ra2 27. Ng3
Rxf2 28. Rb8 Kf8 29. e5 Bh6 30. exd6 exd6 31. Ne4 Re2 32. Nf6 Bf4+ 33. Kg1 h5
34. Kf1 Re7 35. Rd8 Bg3 36. h4 Re3 37. Kg1 Re2 38. Kf1 Re3 39. Kg1 Re7 40. Kf1
Re3 1/2-1/2

[Event "XXVI C.to Italiano a squadre A1"]
[Site "ITA"]
[Date "1994.??.??"]
[Round "6"]
[White "Bellia, Fabrizio"]
[Black "Iotti, Pierluigi"]
[WhiteElo "2280"]
[BlackElo "2255"]
[Result "1-0"]
[PlyCount "59"]
[EventDate "1994.01.30"]

1. e4 e6 2. d4 d5 3. Nd2 Nf6 4. e5 Nfd7 5. Bd3 c5 6. c3 Nc6 7. Ne2 cxd4 8. cxd4
f6 9. exf6 Nxf6 10. O-O Bd6 11. Nf3 Qc7 12. Nc3 a6 13. Bg5 O-O 14. Bh4 Nh5 15.
Re1 h6 16. Bg3 Nf4 17. Rc1 g5 18. Na4 Bd7 19. Nc5 Rf6 20. Ne5 Bxe5 21. dxe5 Rf7
22. Bxf4 gxf4 23. Qh5 Raf8 24. Qxh6 Re7 25. Bb1 Bc8 26. Rc3 Qa5 27. Nb3 Qc7 28.
Rh3 Rg7 29. Qh8+ Kf7 30. Bg6+ 1-0

[Event "XXVI C.to Italiano a squadre A1"]
[Site "ITA"]
[Date "1994.??.??"]
[Round "6"]
[White "Cangiotti, Claudio"]
[Black "Benvenuti, Carlo"]
[Result "1-0"]
[WhiteElo "2215"]
[BlackElo "2200"]
[PlyCount "149"]
[EventDate "1994.01.30"]

1. Nf3 d6 2. g3 Nf6 3. Bg2 g6 4. b4 Bg7 5. Bb2 O-O 6. O-O a5 7. a3 Ne8 8. Bxg7
Nxg7 9. b5 Bd7 10. c4 c6 11. a4 Qc8 12. Nc3 Bh3 13. Qb3 Bxg2 14. Kxg2 Nd7 15.
d4 Rb8 16. Rac1 Nf6 17. Qc2 Re8 18. Ne4 Nfh5 19. d5 cxd5 20. cxd5 Qg4 21. e3
Rec8 22. Qd3 f5 23. Nc3 Qc4 24. Qd4 Nf6 25. Rfd1 Qb4 26. Ne2 Qxd4 27. Rxd4 Rxc1
28. Nxc1 Rc8 29. Nb3 b6 30. Rd2 Rc4 31. Rd4 Rc3 32. Nfd2 Nfe8 33. Rc4 Rd3 34.
Rc6 Rxd5 35. Rxb6 Ne6 36. Nf3 Rd3 37. Nxa5 Ra3 38. Nc6 Rxa4 39. Nxe7+ Kf7 40.
Nd5 Ra7 41. Nd2 Nc5 42. Nc4 Ke6 43. Nf4+ Kd7 44. Rb8 Rb7 45. Rxe8 Kxe8 46.
Nxd6+ Kd7 47. Nxb7 Nxb7 48. Nd5 Ke6 49. Nc3 g5 50. f4 g4 51. h3 h5 52. hxg4
hxg4 53. e4 fxe4 54. Nxe4 Kf5 55. Nc3 Nd6 56. Kf2 Nc4 57. Nd5 Ke4 58. b6 Nd6
59. Ne3 Kd4 60. Nxg4 Kc5 61. Kf3 Kxb6 62. Ne5 Kc7 63. g4 Kd8 64. f5 Ke7 65. Kf4
Nb5 66. g5 Nd4 67. Ke4 Ne2 68. Ng6+ Kf7 69. Ke5 Ng1 70. Nh4 Nh3 71. g6+ Kf8 72.
f6 Ng5 73. Kf5 Nh3 74. Nf3 Kg8 75. Ne5 1-0